00974cam a22002654a 45000010009000000050017000090080041000260200015000670200018000820400033001000820017001331000028001502450085001782500012002632600034002753000026003095040051003356500024003866530018004108560085004288560073005139420008005869990017005949520097006111178328220201128024336.0990831s2001 mau frb 001 0 eng d a0072297212 a9780072297218 aDLCcDLCdDLCdEG-ScBUEbeng04a170222bBEA1 aBeauchamp, Tom L.9117110aPhilosophical ethics :ban introduction to moral philosophy /cTom L. Beauchamp. a3rd ed. aBoston :bMcGraw-Hill,c2001. axii, 400 p. ;c24 cm. aIncludes bibliographical references and index. 7aEthics.2BUEsh9683 bGGENcMay2018423Publisher descriptionuhttp://www.loc.gov/catdir/description/mh023/99047187.html413Table of contentsuhttp://www.loc.gov/catdir/toc/mh023/99047187.html 2ddc c26660d26632 00102ddc4070aMAINbMAINcLOWd2018-05-08l0o170 BEAp000047714r2025-07-15 00:00:00yBB